| Tag |
First Indicator |
Second Indicator |
Subfields |
| LEADER |
00000cam a2200000 a 4500 |
| 001 |
in00000001537 |
| 007 |
he bmb024bbca |
| 008 |
981113s1997 dcu bb f000 0 eng c |
| 005 |
20230309222536.6 |
| 035 |
|
|
|a (OCoLC)ocm40306137
|
| 035 |
|
|
|9 AJB5554AM
|
| 035 |
|
|
|a in00000001537
|
| 037 |
|
|
|a 159479
|b GAO (202) 512-6000 (Voice); (202) 512-6061 (Fax)
|f paper copy
|
| 040 |
|
|
|a GPO
|c GPO
|d DLC
|d MvI
|d UtOrBLW
|
| 042 |
|
|
|a pcc
|
| 043 |
|
|
|a n-us---
|a a-tu---
|a aw-----
|
| 049 |
|
|
|a UMIC
|
| 049 |
|
|
|a WWW
|
| 074 |
|
|
|a 0546-D-01 (MF)
|
| 074 |
|
|
|a 0546-D-01 (online)
|
| 086 |
0 |
|
|a GA 1.5/2:T-NSIAD-98-44
|
| 100 |
1 |
|
|a Gebicke, Mark E.
|
| 245 |
1 |
0 |
|a Combating terrorism :
|b efforts to protect U.S. forces in Turkey and the Middle East : statement of Mark E. Gebicke, Director, Military Operations and Capabilities Issues, National Security and International Affairs Division, before the Subcommittee on National Security, International Affairs and Criminal Justice, Committee on Government Reform and Oversight, House of Representatives /
|c United States General Accounting Office.
|
| 246 |
3 |
0 |
|a Efforts to protect U.S. forces in Turkey and the Middle East
|
| 264 |
|
1 |
|a Washington, D.C. (P.O. Box 37050, Washington, D.C. 20013) :
|b The Office,
|c [1997]
|
| 300 |
|
|
|a 10 pages, 2 unnumbered pages ;
|c 28 cm.
|
| 336 |
|
|
|a text
|b txt
|2 rdacontent
|
| 337 |
|
|
|a microform
|b h
|2 rdamedia
|
| 338 |
|
|
|a microfiche
|b he
|2 rdacarrier
|
| 490 |
1 |
|
|a Testimony ;
|v GAO/T-NSIAD-98-44
|
| 500 |
|
|
|a Shipping list number: 98-1041-M.
|
| 500 |
|
|
|a "For release ... October 28, 1997."
|
| 500 |
|
|
|a "October 28, 1997."
|
| 504 |
|
|
|a Includes bibliographical references.
|
| 533 |
|
|
|a Microfiche.
|b [Washington, D.C.] :
|c U.S. General Accounting Office,
|d [1998?]
|e 1 microfiche : negative.
|
| 530 |
|
|
|a Also available via Internet from the GPO Access web site. Address as of 09/10/01: http://frwebgate.access.gpo.gov/cgi-bin/getdoc.cgi?dbname=gao&docid=f:ns98044t.pdf; current access is available via PURL.
|
| 500 |
|
|
|a Microform.
|
| 650 |
|
0 |
|a Military bases, American
|x Security measures
|z Turkey.
|
| 650 |
|
0 |
|a Military bases, American
|x Security measures
|z Middle East.
|
| 650 |
|
0 |
|a Soldiers
|x Protection.
|
| 650 |
|
0 |
|a Terrorism
|x Government policy
|z United States.
|
| 650 |
|
0 |
|a Terrorism
|z Turkey.
|
| 650 |
|
0 |
|a Terrorism
|z Middle East.
|
| 710 |
1 |
|
|a United States.
|b General Accounting Office.
|
| 830 |
|
0 |
|a Testimony ;
|v GAO/T-NSIAD-98-44.
|
| 856 |
4 |
1 |
|u https://purl.fdlp.gov/GPO/LPS14438
|z Adobe Acrobat Reader required
|t 0
|
| 999 |
|
|
|a MARS
|
| 999 |
f |
f |
|i c85c1209-5c13-3750-9132-dd4387882473
|s c6637b28-9db6-37e8-be6a-48c73219f856
|t 0
|
| 952 |
f |
f |
|p normal
|a Texas A&M University
|b College Station
|c Sterling C. Evans Library
|d Evans: US Documents Microfiche (3rd floor)
|t 0
|e GA 1.5/2:T-NSIAD-98-44
|h Superintendent of Documents classification
|i microform -- microfiche
|m A14824374452
|
| 952 |
f |
f |
|a Texas A&M University
|b College Station
|c Electronic Resources
|d Available Online
|t 0
|e GA 1.5/2:T-NSIAD-98-44
|h Superintendent of Documents classification
|
| 998 |
f |
f |
|a GA 1.5/2:T-NSIAD-98-44
|t 0
|l Available Online
|
| 998 |
f |
f |
|a GA 1.5/2:T-NSIAD-98-44
|t 0
|l Evans: US Documents Microfiche (3rd floor)
|